[Event "NED-ch U12 op"]
[Site "Borne"]
[Date "2013.08.08"]
[Round "8"]
[White "Warmerdam, Ivo"]
[Black "Droogh, Piet Hein"]
[Result "1-0"]
[WhiteElo "1343"]
[BlackElo "962"]
[PlyCount "33"]
[EventDate "2013.08.05"]
[EventType "swiss"]
[EventRounds "13"]
[EventCountry "NED"]
[SourceTitle "EXT 2015"]
[Source "ChessBase"]
[SourceDate "2014.11.20"]
[SourceVersion "1"]
[SourceVersionDate "2014.11.20"]
[SourceQuality "1"]

1. e4 d6 2. d4 g6 3. Nf3 Bg7 4. Be3 Nf6 5. Nc3 Nbd7 6. h3 0-0 7. Qd2 c6 8. 0-0-0 b5 9. e5 Ne8 10. Bh6 Qc7 11. Bxg7 Nxg7 12. g4 dxe5 13. Qh6 exd4 14. Ng5 Nf6 15. Nce4 Qf4+ 16. Kb1 Ne6 17. Nxf6+ 1-0

[Event "NED-ch U12 op"]
[Site "Borne"]
[Date "2013.08.06"]
[Round "2"]
[White "Schelleman, Iris"]
[Black "Warmerdam, Ivo"]
[Result "0-1"]
[WhiteElo "1105"]
[BlackElo "1343"]
[PlyCount "86"]
[EventDate "2013.08.05"]
[EventType "swiss"]
[EventRounds "13"]
[EventCountry "NED"]
[SourceTitle "EXT 2015"]
[Source "ChessBase"]
[SourceDate "2014.11.20"]
[SourceVersion "1"]
[SourceVersionDate "2014.11.20"]
[SourceQuality "1"]

1. e4 c5 2. Nf3 d6 3. d4 cxd4 4. Nxd4 Nf6 5. Nc3 a6 6. Be2 e5 7. Nb3 Be7 8. Be3 b5 9. Nd5 Bb7 10. Bb6 Qc8 11. Nc7+ Kf8 12. Nxa8 Bxa8 13. f3 Nbd7 14. Be3 d5 15. exd5 Nxd5 16. Bf2 Nf4 17. 0-0 Nf6 18. c3 h5 19. Bh4 Rg8 20. Bg5 Qf5 21. Bxf4 exf4 22. Qd3 Qe6 23. Nd4 Bc5 24. Kh1 Qc8 25. Qf5 Qc7 26. Rfe1 Bb7 27. Rad1 Bc8 28. Qd3 g6 29. Nb3 Be7 30. c4 Bf5 31. Qc3 b4 32. Qd2 h4 33. Nd4 h3 34. b3 hxg2+ 35. Kxg2 Rh8 36. Nxf5 gxf5 37. Bd3 Ng4 38. fxg4 f3+ 39. Kf1 Rxh2 40. Re2 fxe2+ 41. Bxe2 Qg3 42. Qd4 Rh1+ 43. Qg1 Rxg1# 0-1